000 00727nam a2200205Ii 4500
003 JO-AjNU
008 230605s9999||||xx |||||||||||||| ||und||
040 _aJO-AjNU
_bara
_erda
_cJO-AjNU
041 _aara
050 1 4 _aBP130.4.T2 1999
100 3 _aبقلم طباره، عفيف عبد الفتاح,
_eauthor
_935208
245 0 0 _aروح القرأن الكريم : تفسير جزء الاحقاف، ج26
250 _aط3
264 3 1 _aبيروت: دار العلم للملايين،1999
300 _aج26، 156ص
336 _atext
_btxt
_2rdacontent
337 _aunmediated
_bn
_2rdamedia
338 _avolume
_bnc
_2rdacarrier
650 4 _aجزء الاحقاف - تفسير - القران الكريم
_935209
999 _aA14512
_c18080
_d18080